Segmentácia orgánov z trojrozmerných medicínskych dát metódami počítačového videnia

Salvato in:
Dettagli Bibliografici
Autore principale: Kováčik, Michal (Autore)
Altri autori: Benešová, Vanda (Relatore della tesi)
Natura: Manoscritto Libro
Lingua:slovacco
inglese
Pubblicazione: 2019
Soggetti:
Accesso online:http://is.stuba.sk/zp/portal_zp.pl?podrobnosti=145580
Tags: Aggiungi Tag
Nessun Tag, puoi essere il primo ad aggiungerne!!

MARC

LEADER 00000ntm a22000003a 4500
001 stuzp74975
003 SK-STU
005 20190622212634.0
007 ta
008 150427s2015----xo-----f-mn---000-0-slo-d
040 |a STU  |b slo 
041 0 |a eng 
100 1 |a Kováčik, Michal  |u 070400  |k Z4  |4 aut  |U FIIT Fakulta informatiky a informačných technológií  |T FIIT Ústav počítačového inžinierstva a aplikovanej informatiky  |X 72174  |U I400  |Y 672  |7 72174 
242 0 1 |a Segmentácia orgánov z trojrozmerných medicínskych dát metódami počítačového videnia  |y slo 
245 1 0 |a Segmentácia orgánov z trojrozmerných medicínskych dát metódami počítačového videnia 
260 |c 2019 
650 4 |a segmentácia  |2 slo 
650 4 |a počítačové videnie  |2 slo 
650 4 |a počítačová tomografia  |2 slo 
650 4 |a segmentation  |2 eng 
650 4 |a computer vision  |2 eng 
650 4 |a computer tomography  |2 eng 
700 1 |a Benešová, Vanda  |u 070400  |k Z1  |4 ths  |U FIIT Fakulta informatiky a informačných technológií  |T FIIT Ústav počítačového inžinierstva a aplikovanej informatiky  |X 63121  |U I400  |Y 672  |7 63121 
856 4 |u http://is.stuba.sk/zp/portal_zp.pl?podrobnosti=145580